[Event "Philadelphia Open"]
[Site "Philadelphia"]
[Date "2017.04.13"]
[Round "3.28"]
[White "Sobh, Hassan"]
[Black "Huang, Andy"]
[Result "0-1"]
[WhiteElo "1827"]
[BlackElo "2196"]
[PlyCount "80"]
[EventDate "2017.04.??"]
[EventType "swiss"]
[EventRounds "9"]
[EventCountry "USA"]

1. a3 d5 2. b4 e5 3. Bb2 Nd7 4. e3 Ngf6 5. c4 c6 6. c5 g6 7. Nf3 Qc7 8. Nc3 Bg7
9. d4 e4 10. Nd2 O-O 11. Be2 h5 12. b5 Ng4 13. Bxg4 hxg4 14. Qb3 Nf6 15. a4 Bh6
16. Nf1 Be6 17. a5 Nh5 18. Ke2 Rfb8 19. Ng3 Ng7 20. Na4 f5 21. Ra2 g5 22. Rha1
Qf7 23. Bc1 f4 24. Nf1 f3+ 25. gxf3 Qxf3+ 26. Ke1 Qh1 27. Ba3 g3 28. hxg3 Rf8
29. f4 gxf4 30. gxf4 Bxf4 31. Kd2 Bh6 32. Qd1 Bh3 33. Ng3 Qg2+ 34. Ne2 Bxe3+
35. Kc3 cxb5 36. Nf4 Qg3 37. Nxh3 bxa4 38. Qh1 Bxd4+ 39. Kxd4 Ne6+ 40. Kxd5
Rad8+ 0-1

[Event "Philadelphia Open"]
[Site "Philadelphia"]
[Date "2017.04.13"]
[Round "3.30"]
[White "Bohorquez, Maria"]
[Black "FM Markzon, Gregory"]
[Result "0-1"]
[WhiteElo "2188"]
[BlackElo "1570"]
[PlyCount "52"]
[EventDate "2017.04.??"]
[EventType "swiss"]
[EventRounds "9"]
[EventCountry "USA"]

1. e4 c5 2. Nf3 d6 3. d4 cxd4 4. Nxd4 Nf6 5. Nc3 a6 6. Be2 e6 7. Be3 Be7 8. O-O
O-O 9. f4 Nc6 10. Kh1 Bd7 11. g4 Nxd4 12. Bxd4 Bc6 13. Bf3 Nd7 14. g5 e5 15.
Be3 exf4 16. Bxf4 Ne5 17. Nd5 Bxg5 18. Bxg5 Qxg5 19. Rg1 Qh4 20. Rg3 Rae8 21.
Bg2 Bxd5 22. exd5 Ng6 23. Qd2 Re5 24. Re1 Rfe8 25. Rxe5 Rxe5 26. Re3 Qf4 0-1

[Event "Philadelphia Open"]
[Site "Philadelphia"]
[Date "2017.04.13"]
[Round "3.31"]
[White "Meyers, Dominique"]
[Black "Garcia, Erick"]
[Result "0-1"]
[WhiteElo "2059"]
[BlackElo "2187"]
[PlyCount "86"]
[EventDate "2017.04.??"]
[EventType "swiss"]
[EventRounds "9"]
[EventCountry "USA"]

1. e4 e5 2. Bc4 Nf6 3. Nc3 Nc6 4. d3 Na5 5. Qf3 c6 6. Nge2 Nxc4 7. dxc4 d6 8.
h3 Be6 9. b3 Be7 10. O-O O-O 11. Rd1 Qc7 12. Ng3 Rfd8 13. Bb2 a6 14. a4 b5 15.
axb5 axb5 16. cxb5 cxb5 17. Qd3 Rxa1 18. Rxa1 b4 19. Nd5 Bxd5 20. exd5 g6 21.
Nf1 Qb7 22. Ne3 Ra8 23. Ra4 Nd7 24. Rxa8+ Qxa8 25. Qb5 Nf6 26. Qxb4 Nxd5 27.
Qe4 Nc7 28. Qxa8+ Nxa8 29. Nd5 Bd8 30. Bc3 f5 31. Bb4 Kf7 32. Kf1 Ke6 33. c4
Nb6 34. Nc3 Nd7 35. Na4 e4 36. Ke2 Ne5 37. Bc3 Bc7 38. Ke3 Bd8 39. f4 Nd3 40.
g3 g5 41. fxg5 Bxg5+ 42. Kd4 Nc1 43. Be1 Ne2# 0-1

[Event "Philadelphia Open"]
[Site "Philadelphia"]
[Date "2017.04.13"]
[Round "3.32"]
[White "Liang, Hairan"]
[Black "Glick, Michael"]
[Result "1/2-1/2"]
[WhiteElo "2022"]
[BlackElo "2129"]
[PlyCount "103"]
[EventDate "2017.04.??"]
[EventType "swiss"]
[EventRounds "9"]
[EventCountry "USA"]

1. e4 c5 2. Nf3 d6 3. d4 cxd4 4. Nxd4 Nf6 5. Nc3 g6 6. Be3 Bg7 7. f3 O-O 8. Qd2
Nc6 9. O-O-O d5 10. Qe1 e5 11. Nxc6 bxc6 12. exd5 Nxd5 13. Bc4 Be6 14. Kb1
Nxc3+ 15. Qxc3 Qe7 16. Bxe6 Qxe6 17. Rd2 Rad8 18. Rhd1 e4 19. Bd4 Rxd4 20. Rxd4
e3 21. Qd3 Bxd4 22. Qxd4 Re8 23. b3 f5 24. Re1 Re7 25. Re2 Kf7 26. Qh8 h5 27.
Qh7+ Ke8 28. Qh8+ Kd7 29. Qb8 a5 30. Qa7+ Ke8 31. Qxa5 Qd6 32. Qe1 f4 33. g3 g5
34. gxf4 gxf4 35. Rg2 Qd5 36. Qb4 e2 37. Qb8+ Kd7 38. Qb7+ Ke8 39. Qb8+ Kd7 40.
Qb7+ Kd6 41. Rg6+ Re6 42. Qb8+ Kc5 43. Qa7+ Kb4 44. Rxe6 Qxe6 45. a3+ Kc3 46.
Qc5+ Kd2 47. Qd4+ Ke1 48. Qg1+ Kd2 49. Qc1+ Kc3 50. Qb2+ Kd2 51. Qc1+ Kc3 52.
Qb2+ 1/2-1/2

[Event "Philadelphia Open"]
[Site "Philadelphia"]
[Date "2017.04.13"]
[Round "3.33"]
[White "Tannenbaum, Zachery"]
[Black "FM Nguyen, Trung"]
[Result "0-1"]
[WhiteElo "2122"]
[BlackElo "2013"]
[Annotator "Hater,David"]
[PlyCount "68"]
[EventDate "2017.04.??"]
[EventType "swiss"]
[EventRounds "9"]
[EventCountry "USA"]

1. e4 g6 2. d4 Bg7 3. Nc3 d6 4. Nf3 a6 5. Bc4 e6 6. Bf4 Nd7 7. a4 b6 8. Qd2 h6
9. h3 Bb7 10. O-O Ne7 11. Rfe1 g5 12. Bg3 Ng6 13. Rad1 O-O 14. Qe3 Kh8 15. e5
Bxf3 16. Qxf3 dxe5 17. d5 e4 18. Nxe4 e5 19. d6 f5 20. dxc7 Qxc7 21. Nd6 f4 22.
Bh2 Nf6 23. Qd3 e4 24. Rxe4 Nxe4 25. Qxe4 Rad8 26. Qxg6 Qxc4 27. Rd3 Qc7 28.
Kh1 Rd7 29. h4 gxh4 30. c3 Qd8 31. Nb7 Qe7 32. Rxd7 Qxd7 33. Qxb6 Rb8 34. Bxf4
Rxb7 {Black goes on to win} 0-1

[Event "Philadelphia Open"]
[Site "Philadelphia"]
[Date "2017.04.13"]
[Round "3.34"]
[White "Senft, Sean"]
[Black "Yoo, Christopher"]
[Result "0-1"]
[WhiteElo "1983"]
[BlackElo "2104"]
[PlyCount "74"]
[EventDate "2017.04.??"]
[EventType "swiss"]
[EventRounds "9"]
[EventCountry "USA"]

1. d4 Nf6 2. c4 g6 3. Nc3 d5 4. Bg5 Ne4 5. Bh4 Nxc3 6. bxc3 Bg7 7. e3 c5 8. Nf3
Nc6 9. cxd5 Qxd5 10. Be2 cxd4 11. cxd4 e5 12. dxe5 Qa5+ 13. Qd2 Qxd2+ 14. Nxd2
Bxe5 15. Rc1 Be6 16. Nc4 Bc7 17. O-O O-O 18. a3 Rac8 19. Rfd1 Ne5 20. Nd6 Bxd6
21. Rxc8 Rxc8 22. Rxd6 Nc4 23. Rd3 Nxa3 24. Bf6 Bc4 25. Rxa3 Bxe2 26. f3 a6 27.
Kf2 Bc4 28. e4 Rc6 29. e5 Kf8 30. Ra1 b5 31. Rd1 Rc8 32. h4 b4 33. h5 b3 34.
hxg6 fxg6 35. Rd6 b2 36. Rd1 Be6 37. Rb1 Rb8 0-1

[Event "Philadelphia Open"]
[Site "Philadelphia"]
[Date "2017.04.13"]
[Round "3.35"]
[White "Kung, Thomas"]
[Black "Tsay, Vincent"]
[Result "0-1"]
[WhiteElo "2103"]
[BlackElo "1956"]
[PlyCount "70"]
[EventDate "2017.04.??"]
[EventType "swiss"]
[EventRounds "9"]
[EventCountry "USA"]

1. e4 e6 2. d4 d5 3. Nd2 Nf6 4. e5 Nfd7 5. Bd3 c5 6. c3 Nc6 7. Ne2 cxd4 8. cxd4
f6 9. exf6 Nxf6 10. Nf3 Bd6 11. Bf4 O-O 12. O-O Bxf4 13. Nxf4 Qd6 14. Ne2 Bd7
15. Qd2 Rae8 16. Rfe1 Kh8 17. Ng3 e5 18. dxe5 Nxe5 19. Nxe5 Rxe5 20. Rxe5 Qxe5
21. Re1 Qd4 22. Ne2 Qb6 23. Nc3 Ng4 24. Re2 Qd6 25. g3 Ne5 26. Qe3 Nf3+ 27. Kg2
d4 28. Qe4 Ng5 29. Qe5 Bc6+ 30. Kf1 Qxe5 31. Rxe5 Nf3 32. Rh5 dxc3 33. Bxh7 Rf6
34. bxc3 Rh6 35. Bg6 Nxh2+ 0-1

[Event "Philadelphia Open"]
[Site "Philadelphia"]
[Date "2017.04.13"]
[Round "3.36"]
[White "Fernandez, Nelson"]
[Black "Yanovsky, Vlad"]
[Result "1/2-1/2"]
[WhiteElo "1922"]
[BlackElo "2096"]
[PlyCount "95"]
[EventDate "2017.04.??"]
[EventType "swiss"]
[EventRounds "9"]
[EventCountry "USA"]

1. d4 Nf6 2. c4 g6 3. Nc3 Bg7 4. e4 d6 5. Nf3 O-O 6. Be2 Bg4 7. O-O Nfd7 8. h3
Bxf3 9. Bxf3 Nc6 10. Ne2 e5 11. d5 Nd4 12. Nxd4 exd4 13. Rb1 Ne5 14. Be2 g5 15.
b4 Qf6 16. Kh1 Ng6 17. Rb3 Rfe8 18. Rf3 Qe7 19. Rg3 h6 20. f4 gxf4 21. Bxf4 Kh8
22. Rgf3 f5 23. exf5 Nxf4 24. f6 Bxf6 25. Rxf4 Bg5 26. Qxd4+ Qe5 27. Qxe5+ Rxe5
28. Rf8+ Rxf8 29. Rxf8+ Kg7 30. Rf2 Bh4 31. g3 Bxg3 32. Rf3 Rxe2 33. Rxg3+ Kf6
34. Rf3+ Ke5 35. Rf7 Rxa2 36. Rxc7 b6 37. c5 Kxd5 38. cxd6 Kxd6 39. Rh7 Ke5 40.
Rxh6 Kf4 41. Rg6 b5 42. Rg2 Ra1+ 43. Rg1 Ra4 44. Kh2 Kf5 45. Rg4 Ra3 46. Rg3
Ra4 47. Rg4 Ra3 48. Rg3 1/2-1/2

[Event "Philadelphia Open"]
[Site "Philadelphia"]
[Date "2017.04.13"]
[Round "3.37"]
[White "Wongso, Steve"]
[Black "Nyamdorj, Davaa-ochir"]
[Result "0-1"]
[WhiteElo "1617"]
[BlackElo "2082"]
[PlyCount "76"]
[EventDate "2017.04.??"]
[EventType "swiss"]
[EventRounds "9"]
[EventCountry "USA"]

1. e4 c5 2. Nf3 d6 3. d4 cxd4 4. Nxd4 Nf6 5. Nc3 Nc6 6. Bg5 e6 7. Qd2 a6 8.
O-O-O Bd7 9. f3 b5 10. f4 b4 11. Nxc6 Bxc6 12. Nb1 Nxe4 13. Bxd8 Nxd2 14. Rxd2
Kxd8 15. Rg1 d5 16. g4 Bd6 17. Kd1 Bxf4 18. Re2 Bb5 19. Reg2 Bxf1 20. Rxf1 g5
21. h4 h6 22. Rgg1 Ke7 23. h5 Rac8 24. Rg2 Rc4 25. Nd2 Rd4 26. Kc1 Rc8 27. Rd1
Rcc4 28. b3 Rxd2 29. Rdxd2 Rd4 30. Kd1 Rxd2+ 31. Rxd2 Bxd2 32. Kxd2 f5 33. gxf5
exf5 34. c3 bxc3+ 35. Kxc3 g4 36. Kd4 g3 37. Ke3 d4+ 38. Kf3 d3 0-1

[Event "Philadelphia Open"]
[Site "Philadelphia"]
[Date "2017.04.14"]
[Round "4.1"]
[White "Arribas Lopez, Angel"]
[Black "Barbosa, Oliver"]
[Result "1-0"]
[WhiteElo "2498"]
[BlackElo "2509"]
[PlyCount "119"]
[EventDate "2017.04.??"]
[EventType "swiss"]
[EventRounds "9"]
[EventCountry "USA"]

1. e4 c6 2. Nc3 d5 3. Nf3 Bg4 4. d4 e6 5. h3 Bh5 6. exd5 exd5 7. g4 Bg6 8. Ne5
Nd7 9. Nxg6 hxg6 10. Qe2+ Qe7 11. Be3 O-O-O 12. Bg2 Nb6 13. b3 Qc7 14. Qd3 Nf6
15. Ne2 c5 16. dxc5 Bxc5 17. Nd4 a6 18. c3 Nbd7 19. Qc2 Bxd4 20. Bxd4 Rhe8+ 21.
Kf1 Nf8 22. Qd3 Ne6 23. Be3 Nf4 24. Qd4 Ne4 25. Rc1 f5 26. Qa7 Qe5 27. Bf3 Re6
28. Rd1 Rc6 29. c4 Rd7 30. Rg1 Rcd6 31. Bd4 Qe6 32. c5 Rc6 33. b4 Re7 34. Be3
Nxh3 35. gxf5 gxf5 36. Rg2 g5 37. a4 g4 38. b5 Rcc7 39. c6 bxc6 40. Qa8+ Kd7
41. b6 Re8 42. Qxa6 Rcc8 43. Be2 Qd6 44. Qb7+ Kd8 45. Qh7 Qd7 46. Qxd7+ Kxd7
47. Rxg4 Rg8 48. Rg2 Nc3 49. Rd2 f4 50. Bg4+ Rxg4 51. Rxg4 Ne4 52. Rb2 fxe3 53.
b7 Rb8 54. fxe3 Nhf2 55. Rg7+ Kd6 56. a5 Nd3 57. a6 Rf8+ 58. Kg1 Ndc5 59. a7
Nxb7 60. Rbxb7 1-0

[Event "Philadelphia Open"]
[Site "Philadelphia"]
[Date "2017.04.14"]
[Round "4.2"]
[White "Berczes, David"]
[Black "Gurevich, Daniel"]
[Result "1/2-1/2"]
[WhiteElo "2500"]
[BlackElo "2465"]
[PlyCount "84"]
[EventDate "2017.04.??"]
[EventType "swiss"]
[EventRounds "9"]
[EventCountry "USA"]

1. d4 d5 2. Nf3 Nf6 3. c4 dxc4 4. e3 e6 5. Bxc4 c5 6. Qe2 a6 7. dxc5 Bxc5 8.
O-O Nc6 9. e4 b5 10. e5 bxc4 11. exf6 Qd3 12. fxg7 Rg8 13. Nc3 Qxe2 14. Nxe2
Rxg7 15. Be3 Bxe3 16. fxe3 Rb8 17. Rab1 Nb4 18. Rfc1 Bb7 19. Ng3 Rc8 20. Ne5
Nxa2 21. Rxc4 Rxc4 22. Nxc4 Bd5 23. Nd2 f5 24. e4 fxe4 25. Ngxe4 Ke7 26. g3 Rg8
27. Nc3 Nxc3 28. bxc3 a5 29. c4 Bc6 30. Kf2 a4 31. Ke3 Kd6 32. Kd4 e5+ 33. Kc3
Rf8 34. Rd1 Ke6 35. Rf1 Rxf1 36. Nxf1 Kf5 37. Ne3+ Ke4 38. Ng4 h5 39. Nf6+ Kf5
40. Nxh5 Kg5 41. Nf4 exf4 42. gxf4+ Kxf4 1/2-1/2

[Event "Philadelphia Open"]
[Site "Philadelphia"]
[Date "2017.04.14"]
[Round "4.3"]
[White "Burke, John Michael"]
[Black "Belous, Vladimir"]
[Result "0-1"]
[WhiteElo "2492"]
[BlackElo "2581"]
[PlyCount "102"]
[EventDate "2017.04.??"]
[EventType "swiss"]
[EventRounds "9"]
[EventCountry "USA"]

1. e4 c5 2. Nf3 Nc6 3. d4 cxd4 4. Nxd4 e5 5. Nb5 d6 6. N1c3 a6 7. Na3 b5 8. Nd5
Nge7 9. c4 Nd4 10. Bd3 Nxd5 11. cxd5 Be7 12. O-O O-O 13. Be3 Bd7 14. Qd2 g6 15.
f4 Bf6 16. Rae1 Bg7 17. Qf2 Rc8 18. f5 gxf5 19. exf5 Bf6 20. Nb1 Kh8 21. Nc3
Rg8 22. Kh1 Rc5 23. Bd2 Bc8 24. Ne4 Rxd5 25. Ba5 Qe7 26. Rc1 Rc5 27. Nxc5 dxc5
28. Be4 c4 29. Bc3 Bb7 30. Bxb7 Qxb7 31. Rcd1 Rg4 32. h3 Rf4 33. Bxd4 exd4 34.
Qd2 Bg5 35. Qe2 Re4 36. Qf3 d3 37. f6 h6 38. Qg3 Qc6 39. Qb8+ Re8 40. Qa7 Re2
41. Rf3 Qe8 42. Qd4 Kh7 43. h4 Re1+ 44. Kh2 Re4 45. Qd5 Rxh4+ 46. Kg3 Re4 47.
Rf5 Kg6 48. Rdf1 Qb8+ 49. Kf2 Rg4 50. Rf3 Qb6+ 51. Ke1 Qa5+ 0-1

[Event "Philadelphia Open"]
[Site "Philadelphia"]
[Date "2017.04.14"]
[Round "4.4"]
[White "Molner, Mackenzie S"]
[Black "Sevian, Samuel"]
[Result "1/2-1/2"]
[WhiteElo "2450"]
[BlackElo "2574"]
[PlyCount "56"]
[EventDate "2017.04.??"]
[EventType "swiss"]
[EventRounds "9"]
[EventCountry "USA"]

1. e4 e5 2. Nf3 Nc6 3. Bb5 a6 4. Ba4 Nf6 5. O-O d6 6. d4 Bd7 7. d5 Ne7 8. Bxd7+
Qxd7 9. Re1 g6 10. c4 Bg7 11. Nc3 O-O 12. c5 Rfd8 13. Qb3 h6 14. Be3 Ng4 15.
Bd2 Rab8 16. Rad1 f5 17. h3 Nf6 18. cxd6 cxd6 19. Nxe5 dxe5 20. d6+ Kh8 21.
dxe7 Qxe7 22. Nd5 Nxd5 23. exd5 Rd7 24. d6 Rxd6 25. Bb4 Rxd1 26. Rxd1 Qe8 27.
Bc3 b5 28. Rd6 b4 1/2-1/2

[Event "Philadelphia Open"]
[Site "Philadelphia"]
[Date "2017.04.14"]
[Round "4.5"]
[White "Mulyar, Michael A"]
[Black "Li, Ruifeng"]
[Result "0-1"]
[WhiteElo "2390"]
[BlackElo "2565"]
[PlyCount "70"]
[EventDate "2017.04.??"]
[EventType "swiss"]
[EventRounds "9"]
[EventCountry "USA"]

1. d4 Nf6 2. Nf3 b5 3. Bg5 Bb7 4. Nbd2 a6 5. Bxf6 gxf6 6. e4 e6 7. c4 c5 8. d5
b4 9. Bd3 d6 10. O-O Nd7 11. a3 a5 12. Nh4 f5 13. dxe6 Qxh4 14. exd7+ Kxd7 15.
Nf3 Qf4 16. g3 Rg8 17. Kh1 Qh6 18. e5 Qh5 19. Be2 Rg4 20. Kg1 Re4 21. Bd3 Rf4
22. Ne1 Rh4 23. Qxh5 Rxh5 24. Be2 Rh6 25. Bf3 Be4 26. Bxe4 fxe4 27. axb4 cxb4
28. exd6 Bg7 29. Rb1 b3 30. Ng2 Rxd6 31. Ne3 Rd2 32. c5 Kc6 33. Nc4 Rc2 34.
Rfc1 Kxc5 35. Nd2 Kb4 0-1

[Event "Philadelphia Open"]
[Site "Philadelphia"]
[Date "2017.04.14"]
[Round "4.6"]
[White "Shimanov, Alex"]
[Black "Brodsky, David"]
[Result "0-1"]
[WhiteElo "2650"]
[BlackElo "2313"]
[PlyCount "134"]
[EventDate "2017.04.??"]
[EventType "swiss"]
[EventRounds "9"]
[EventCountry "USA"]

1. d4 d5 2. c4 c6 3. e3 Nf6 4. Nf3 Bg4 5. h3 Bh5 6. g4 Bg6 7. Ne5 Nbd7 8. Nxg6
hxg6 9. Nc3 e6 10. Qb3 Qc7 11. g5 dxc4 12. Qxc4 Nd5 13. Bg2 N5b6 14. Qe2 e5 15.
O-O Be7 16. dxe5 Qxe5 17. f4 Qe6 18. Qf3 O-O 19. e4 f5 20. b3 Nc5 21. e5 Rfd8
22. Qe2 Nd5 23. Bd2 Nxc3 24. Bxc3 Ne4 25. Be1 Rd4 26. Rc1 Rad8 27. Rc2 Bc5 28.
Kh2 Bb6 29. h4 Kf7 30. Rf3 Qd5 31. Rh3 Rd3 32. Rxd3 Qxd3 33. Bf3 Be3 34. Bg3
Nxg3 35. Kxg3 Rd4 36. e6+ Ke7 37. Rc4 Bxf4+ 38. Kf2 Qxe2+ 39. Bxe2 Rxc4 40.
Bxc4 b5 41. Be2 Kxe6 42. Bf3 Kd6 43. Bg2 Kc5 44. Bf3 a5 45. a4 Kd6 46. Bd1 Bh2
47. Kg2 Be5 48. Kf2 Bc3 49. Be2 Kc5 50. Bf3 Bd4+ 51. Kg2 Be3 52. Kg3 Kd6 53.
Be2 bxa4 54. bxa4 Ke5 55. Bc4 Ke4 56. Bf7 c5 57. Kg2 Kd3 58. Bxg6 c4 59. Bxf5+
Ke2 60. Kg3 c3 61. Bb1 Bf2+ 62. Kg4 Kd2 63. h5 c2 64. Bxc2 Kxc2 65. Kf3 Bh4 66.
Kf4 Kb3 67. Kf5 Be1 0-1

[Event "Philadelphia Open"]
[Site "Philadelphia"]
[Date "2017.04.14"]
[Round "4.7"]
[White "Sadorra, Julio"]
[Black "Mandizha, Farai"]
[Result "1-0"]
[WhiteElo "2580"]
[BlackElo "2359"]
[PlyCount "67"]
[EventDate "2017.04.??"]
[EventType "swiss"]
[EventRounds "9"]
[EventCountry "USA"]

1. d4 Nf6 2. c4 e6 3. Nc3 Bb4 4. e3 O-O 5. Nge2 d5 6. a3 Be7 7. cxd5 exd5 8.
Nf4 c6 9. Bd3 Re8 10. O-O Nbd7 11. f3 Nf8 12. Bd2 Bd6 13. Kh1 Bc7 14. Qc2 Qd6
15. g3 Qd7 16. Rf2 b6 17. g4 g6 18. Nce2 Ne6 19. Nxe6 Rxe6 20. Rg1 Re8 21. Ng3
c5 22. dxc5 bxc5 23. Qxc5 Bb6 24. Qb4 Qd8 25. Qf4 Bc7 26. Qh6 Bxg4 27. Ne2 Bh5
28. Nd4 Qe7 29. Nf5 Qf8 30. Qg5 Bd8 31. Nh6+ Kh8 32. Bc3 Re6 33. Bd4 Rb8 34. b4
1-0

[Event "Philadelphia Open"]
[Site "Philadelphia"]
[Date "2017.04.14"]
[Round "4.8"]
[White "Ippolito, Dean"]
[Black "Panchanathan, Magesh"]
[Result "0-1"]
[WhiteElo "2365"]
[BlackElo "2494"]
[PlyCount "54"]
[EventDate "2017.04.??"]
[EventType "swiss"]
[EventRounds "9"]
[EventCountry "USA"]

1. d4 Nf6 2. c4 e6 3. Nc3 Bb4 4. Qc2 O-O 5. Nf3 d6 6. Bd2 c5 7. dxc5 Bxc5 8.
Rd1 Nc6 9. a3 h6 10. e3 e5 11. Bd3 Be6 12. O-O a6 13. Bc1 Rc8 14. b4 Bxb4 15.
Ne4 Nxe4 16. Bxe4 Ba5 17. Bxc6 Rxc6 18. Nxe5 Rc5 19. Nd3 Rxc4 20. Qb1 b5 21.
Nb4 Qh4 22. f4 Bxb4 23. axb4 Rfc8 24. Rxd6 Qe7 25. Rxa6 Bd5 26. Bd2 Bxg2 27.
Rxh6 Be4 0-1

[Event "Philadelphia Open"]
[Site "Philadelphia"]
[Date "2017.04.14"]
[Round "4.9"]
[White "Troff, Kayden W"]
[Black "Homa, Seth"]
[Result "1-0"]
[WhiteElo "2492"]
[BlackElo "2326"]
[PlyCount "97"]
[EventDate "2017.04.??"]
[EventType "swiss"]
[EventRounds "9"]
[EventCountry "USA"]

1. d4 Nf6 2. c4 e6 3. Nf3 d5 4. Nc3 Bb4 5. Bg5 dxc4 6. e4 c5 7. dxc5 Qxd1+ 8.
Rxd1 Bxc3+ 9. bxc3 Nbd7 10. Nd2 Nxc5 11. Bxc4 Bd7 12. f3 Rc8 13. Be2 O-O 14.
Rc1 h6 15. Be3 Rfd8 16. Nb3 Na4 17. c4 e5 18. Bxa7 b6 19. c5 Nxc5 20. Nxc5 bxc5
21. Rxc5 Rxc5 22. Bxc5 Rc8 23. Bd6 Rc1+ 24. Bd1 Ba4 25. Kd2 Ra1 26. a3 Ra2+ 27.
Kc3 Ne8 28. Bxa4 Nxd6 29. Rd1 Rxa3+ 30. Kb4 Ra2 31. Rxd6 Rxg2 32. Bb3 Rxh2 33.
Rd8+ Kh7 34. Bxf7 h5 35. Rd5 g6 36. Rxe5 Kg7 37. Bd5 h4 38. f4 h3 39. Re7+ Kh6
40. e5 Rd2 41. Bg8 Kh5 42. Be6 Kh4 43. Rh7+ Kg3 44. Bxh3 g5 45. fxg5 Kf4 46. e6
Kxg5 47. Rf7 Re2 48. Bf5 Re1 49. e7 1-0

[Event "Philadelphia Open"]
[Site "Philadelphia"]
[Date "2017.04.14"]
[Round "4.10"]
[White "Vazquez, Guillermo"]
[Black "Giannatos, Peter"]
[Result "1-0"]
[WhiteElo "2446"]
[BlackElo "2290"]
[PlyCount "47"]
[EventDate "2017.04.??"]
[EventType "swiss"]
[EventRounds "9"]
[EventCountry "USA"]

1. d4 e6 2. c4 d5 3. Nc3 Be7 4. cxd5 exd5 5. Bf4 c6 6. Qc2 Bd6 7. Bxd6 Qxd6 8.
e3 Ne7 9. Bd3 b6 10. Nf3 Ba6 11. O-O Bxd3 12. Qxd3 Nd7 13. e4 O-O 14. e5 Qh6
15. Rae1 Rfd8 16. g3 Nf8 17. Nh4 g5 18. Ng2 Qg6 19. Qd1 c5 20. f4 cxd4 21. Nb5
Ne6 22. Nd6 Rxd6 23. exd6 Nf5 24. g4 1-0

[Event "Philadelphia Open"]
[Site "Philadelphia"]
[Date "2017.04.14"]
[Round "4.11"]
[White "Volkov, Dmitriy"]
[Black "Balakrishnan, Praveen"]
[Result "0-1"]
[WhiteElo "2248"]
[BlackElo "2436"]
[PlyCount "120"]
[EventDate "2017.04.??"]
[EventType "swiss"]
[EventRounds "9"]
[EventCountry "USA"]

1. e4 e6 2. d4 d5 3. e5 c5 4. c3 Nc6 5. Nf3 Qb6 6. a3 f6 7. Bd3 fxe5 8. Nxe5
Nf6 9. O-O Bd6 10. Nxc6 bxc6 11. dxc5 Bxc5 12. b4 Bd6 13. c4 Qc7 14. f4 dxc4
15. Bxc4 O-O 16. Nc3 Kh8 17. Be3 Nd5 18. Nxd5 exd5 19. Bd3 Bf5 20. Rc1 d4 21.
Bxd4 Bxd3 22. Qxd3 Bxf4 23. Rcd1 Bxh2+ 24. Kh1 Be5 25. Rxf8+ Rxf8 26. Bxe5 Qxe5
27. Qf3 Qe8 28. Qd3 h6 29. Kg1 Qf7 30. Qe3 Re8 31. Qd3 a5 32. bxa5 Qa7+ 33. Qd4
Qxa5 34. a4 c5 35. Qc4 Re1+ 36. Rxe1 Qxe1+ 37. Kh2 Qe5+ 38. Kg1 Qe1+ 39. Kh2
Qe5+ 40. Kg1 Qc7 41. Kf2 g6 42. Kf3 h5 43. Qf4 Qb7+ 44. Qe4 Qf7+ 45. Qf4 Qb3+
46. Qe3 Qd1+ 47. Qe2 Qd6 48. Qc4 Kg7 49. Qf4 Qd3+ 50. Qe3 Qd1+ 51. Qe2 Qd6 52.
Qe4 Kf6 53. Qc4 g5 54. Qc3+ Qe5 55. Qc4 Ke7 56. a5 h4 57. Qg4 Kd6 58. a6 Kc7
59. a7 Qd5+ 60. Kf2 Kb7 0-1

[Event "Philadelphia Open"]
[Site "Philadelphia"]
[Date "2017.04.14"]
[Round "4.12"]
[White "Zhu, Jack"]
[Black "Kretchetov, Alexandre"]
[Result "0-1"]
[WhiteElo "2427"]
[BlackElo "2242"]
[Annotator "Hater,David"]
[PlyCount "55"]
[EventDate "2017.04.??"]
[EventType "swiss"]
[EventRounds "9"]
[EventCountry "USA"]

1. e4 e5 2. Nf3 Nc6 3. Bc4 Bc5 4. c3 Nf6 5. d3 a6 6. a4 Ba7 7. Qe2 h6 8. Be3
O-O 9. Bxa7 Rxa7 10. Bd5 Ne7 11. Bb3 Ng6 12. g3 d6 13. Nbd2 Qe7 14. Nf1 Be6 15.
Bc2 d5 16. Ne3 Re8 17. b4 d4 18. Ng2 Bg4 19. Bd1 c5 20. O-O Qe6 21. Qc2 Raa8
22. Nd2 Bxd1 23. Rfxd1 Qg4 24. Nf1 Re6 25. cxd4 cxd4 26. Rac1 Nh5 27. Rd2 Rae8
28. Re2 {[%emt 0:00:38] Black won move} 0-1

[Event "Philadelphia Open"]
[Site "Philadelphia"]
[Date "2017.04.14"]
[Round "4.13"]
[White "Huang, Andy"]
[Black "Checa, Nicolas"]
[Result "0-1"]
[WhiteElo "2196"]
[BlackElo "2400"]
[Annotator "Atkins,Michael"]
[PlyCount "143"]
[EventDate "2017.04.??"]
[EventType "swiss"]
[EventRounds "9"]
[EventCountry "USA"]

1. e4 e6 2. d4 d5 3. Nd2 c5 4. exd5 Qxd5 5. Ngf3 cxd4 6. Bc4 Qd7 7. Nb3 Nc6 8.
O-O a6 9. Nbxd4 Nxd4 10. Nxd4 Nf6 11. Re1 Qc7 12. Bb3 Bd6 13. Nf5 Bxh2+ 14. Kh1
O-O 15. Nxg7 Rd8 16. Qf3 Kxg7 17. Bh6+ Kg6 18. c3 Nh5 19. Bc1 Bf4 20. g4 Ng3+
21. Kg2 Bxc1 22. Raxc1 Bd7 23. Bc2+ Kg7 24. Qxg3 Bc6+ 25. Be4 Qxg3+ 26. Kxg3
Rd2 27. Rc2 Rad8 28. Re2 Rxc2 29. Bxc2 Bb5 30. Re5 Rd2 31. a4 Be8 32. Be4 Rxb2
33. a5 h6 34. f3 b6 35. axb6 Rxb6 36. c4 Kf6 37. Rh5 Kg7 38. Rc5 Kf8 39. Rc7 a5
40. Ra7 Rb4 41. Rxa5 Rxc4 42. Ra8 Ke7 43. Rb8 Rc5 44. Kf4 h5 45. gxh5 Rxh5 46.
Rb6 Rc5 47. Rb2 Rc4 48. Rc2 Rb4 49. Ke3 f5 50. Bd3 Rb3 51. Kd2 Kd6 52. Rc3 Rb4
53. Rc4 Rb2+ 54. Rc2 Rb8 55. f4 Bc6 56. Kc3 Bd5 57. Rb2 Rh8 58. Kd4 Rh4 59. Ke3
Rh3+ 60. Kd2 Kc5 61. Rb5+ Kc6 62. Rb4 Rg3 63. Be2 Be4 64. Rc4+ Kd6 65. Rd4+ Bd5
66. Rb4 e5 67. Rb6+ Kc5 68. Rf6 e4 69. Rxf5 Kd4 70. Rf8 e3+ 71. Kc1 Rg1+ 72.
Kc2 {Blacks wins by move 79} 0-1

[Event "Philadelphia Open"]
[Site "Philadelphia"]
[Date "2017.04.14"]
[Round "4.13"]
[White "Huang, Andy"]
[Black "IM Checa, Nicolas"]
[Result "0-1"]
[WhiteElo "2196"]
[BlackElo "2400"]
[PlyCount "158"]
[EventDate "2017.04.??"]
[EventType "swiss"]
[EventRounds "9"]
[EventCountry "USA"]

1. e4 e6 2. d4 d5 3. Nd2 c5 4. exd5 Qxd5 5. Ngf3 cxd4 6. Bc4 Qd7 7. Nb3 Nc6 8.
O-O a6 9. Nbxd4 Nxd4 10. Nxd4 Nf6 11. Re1 Qc7 12. Bb3 Bd6 13. Nf5 Bxh2+ 14. Kh1
O-O 15. Nxg7 Rd8 16. Qf3 Kxg7 17. Bh6+ Kg6 18. c3 Nh5 19. Bc1 Bf4 20. g4 Ng3+
21. Kg2 Bxc1 22. Raxc1 Bd7 23. Bc2+ Kg7 24. Qxg3 Bc6+ 25. Be4 Qxg3+ 26. Kxg3
Rd2 27. Rc2 Rad8 28. Re2 Rxc2 29. Bxc2 Bb5 30. Re5 Rd2 31. a4 Be8 32. Be4 Rxb2
33. a5 h6 34. f3 b6 35. axb6 Rxb6 36. c4 Kf6 37. Rh5 Kg7 38. Rc5 Kf8 39. Rc7 a5
40. Ra7 Rb4 41. Rxa5 Rxc4 42. Ra8 Ke7 43. Rb8 Rc5 44. Kf4 h5 45. gxh5 Rxh5 46.
Rb6 Rc5 47. Rb2 Rc4 48. Rc2 Rb4 49. Ke3 f5 50. Bd3 Rb3 51. Kd2 Kd6 52. Rc3 Rb4
53. Rc4 Rb2+ 54. Rc2 Rb8 55. f4 Bc6 56. Kc3 Bd5 57. Rb2 Rh8 58. Kd4 Rh4 59. Ke3
Rh3+ 60. Kd2 Kc5 61. Rb5+ Kc6 62. Rb4 Rg3 63. Be2 Be4 64. Rd4 Ra3 65. Rc4+ Kd6
66. Rd4+ Bd5 67. Rb4 e5 68. Rb6+ Kc5 69. Rf6 e4 70. Rxf5 Kd4 71. Rf8 e3+ 72.
Kc1 Ra1+ 73. Kc2 Ra2+ 74. Kd1 Bb3+ 75. Ke1 Ra1+ 76. Bd1 Rxd1+ 77. Ke2 Rd2+ 78.
Ke1 Ke4 79. f5 Kf3 0-1